Gender Equality, HIV, and AIDS : (Record no. 1261)

MARC details
000 -LEADER
fixed length control field 00678nam a22002057a 4500
005 - DATE AND TIME OF LATEST TRANSACTION
control field 20240524074514.0
008 - FIXED-LENGTH DATA ELEMENTS--GENERAL INFORMATION
fixed length control field 240524b |||||||| |||| 00| 0 eng d
020 ## - INTERNATIONAL STANDARD BOOK NUMBER
International Standard Book Number 9780855985868
040 ## - CATALOGING SOURCE
Original cataloging agency KMU
Transcribing agency KMU
Modifying agency KMU
050 ## - LIBRARY OF CONGRESS CALL NUMBER
Classification number RA 644.A25 Gen
245 ## - TITLE STATEMENT
Title Gender Equality, HIV, and AIDS :
Remainder of title A challenge for the education sector /
Statement of responsibility, etc. Edited by Sheila Aikman, Elaine Unterhalter, and Tania Boler
260 ## - PUBLICATION, DISTRIBUTION, ETC.
Place of publication, distribution, etc. Oxford :
Name of publisher, distributor, etc. Oxfam ,
Date of publication, distribution, etc. 2008.
300 ## - PHYSICAL DESCRIPTION
Extent xii, 230 pages ;
Other physical details illus :
Dimensions 23 cm.
500 ## - GENERAL NOTE
General note Includes an index
650 ## - SUBJECT ADDED ENTRY--TOPICAL TERM
Topical term or geographic name entry element HIV Infections-- Study and teaching
700 ## - ADDED ENTRY--PERSONAL NAME
Personal name Aikman, Sheila
700 ## - ADDED ENTRY--PERSONAL NAME
Personal name Unterhalter, Elaine
700 ## - ADDED ENTRY--PERSONAL NAME
Personal name Boler, Tania
942 ## - ADDED ENTRY ELEMENTS (KOHA)
Source of classification or shelving scheme Library of Congress Classification
Koha item type Non-Fiction
Suppress in OPAC No
Holdings
Withdrawn status Lost status Source of classification or shelving scheme Damaged status Not for loan Collection Home library Current library Shelving location Date acquired Source of acquisition Total Checkouts Full call number Barcode Date last seen Price effective from Koha item type
    Library of Congress Classification     Non-fiction Kapasa Makasa University Kapasa Makasa University Open Access 24.05.2024 Book Aid   RA 644.A25 Gen 747045 24.05.2024 24.05.2024 Non-Fiction